Собрание сочинений Чарльза Диккенса. Т. 4: Жизнь и приключения Мартына Чезльуита (Запись № 13557405)
[ простой вид ]
| 000 -МАРКЕР | |
|---|---|
| контрольное поле | 03384nam2a2200301 4500 |
| 001 - ИДЕНТИФИКАТОР ЗАПИСИ | |
| контрольное поле | RU\NLR\BIBL_A\022740961 |
| 005 - ИДЕНТИФИКАТОР ВЕРСИИ | |
| контрольное поле | 20260405053337.0 |
| 035 ## - ДРУГИЕ СИСТЕМНЫЕ НОМЕРА | |
| Идентификатор записи | (NLR Aleph) 022740961 |
| 100 ## - ДАННЫЕ ОБЩЕЙ ОБРАБОТКИ | |
| Данные общей обработки | 20061002d1896 u y0rusy50 ca |
| 101 1# - ЯЗЫК РЕСУРСА | |
| Язык текста, звукозаписи и т.д. | русский |
| Язык оригинала | английский |
| 102 ## - СТРАНА ПУБЛИКАЦИИ ИЛИ ПРОИЗВОДСТВА | |
| Страна публикации | Российская Федерация |
| 105 ## - ПОЛЕ КОДИРОВАННЫХ ДАННЫХ: ТЕКСТОВЫЕ МАТЕРИАЛЫ, МОНОГРАФИЧЕСКИЕ | |
| Кодированные данные о монографическом текстовом документе | y z 000ay |
| 200 1# - ЗАГЛАВИЕ И СВЕДЕНИЯ ОБ ОТВЕТСТВЕННОСТИ | |
| Основное заглавие | Жизнь и приключения Мартына Чезльуита |
| Обозначение и номер части | [Ч. 1] |
| Сведения, относящиеся к заглавию | роман |
| Первые сведения об ответственности | [перевод И. И. Ясинскаго] |
| 210 ## - ПУБЛИКАЦИЯ, РАСПРОСТРАНЕНИЕ И ДР. | |
| Дата издания, распространения и т.д. | 1896 |
| 215 ## - ФИЗИЧЕСКАЯ ХАРАКТЕРИСТИКА | |
| Специфическое обозначение материала и объем | 376 с. |
| 225 1# - СЕРИЯ | |
| Основное заглавие серии | ... |
| Обозначение тома | т. 45 |
| 300 ## - ОБЩИЕ ПРИМЕЧАНИЯ | |
| Текст примечания | На 3-й с. частное загл.: Жизнь и приключения Мартына Чезльуита, его родственников, друзей и врагов, включая все его мысли и поступки, с историческими указаниями того, что он совершал и чего не совершал, с объяснением вдобавок, кто унаследовал фамильныя блюда, кто овладел серебряными ложками и кому достался деревянный уполовник. Вс е в общем прекрасный ключ к дому Чезльуитов |
| 461 #0 - УРОВЕНЬ НАБОРА | |
| Встроенное поле | 001v19\rc\1600392 |
| -- | 2001#$aСобрание сочинений Чарльза Диккенса$e[перевод$fредактор: Ф. И. Булгаков]$vТ. 4 |
| -- | 700#1$aДиккенс$bЧ.$f1812-1870$gЧарлз$3RU\NLR\AUTH\7713978 |
| Системный номер (АБИС) связанной записи | 5582498 |
| Автор | Диккенс, Ч. (1812-1870) |
| Место публикации | С.-Петербург [Санкт-Петербург] |
| Дата публикации | 1896–1899 |
| Первые сведения об ответственности | редактор: Ф. И. Булгаков] |
| Имя издателя, распространителя и т.д. | Г. Ф. Пантелеев |
| Сведения, относящиеся к заглавию | [перевод |
| Физическая характеристика | 35 т. |
| Заглавие | Собрание сочинений Чарльза Диккенса |
| Номер тома | Т. 4 |
| 500 10 - УНИФИЦИРОВАННОЕ ЗАГЛАВИЕ | |
| Унифицированное заглавие | Мартин Чезлвит |
| 513 1# - ЗАГЛАВИЕ НА ДОПОЛНИТЕЛЬНОМ ТИТУЛЬНОМ ЛИСТЕ | |
| Заглавие на дополнительном титульном листе | Жизнь и приключения Мартына Чезльуита, его родственников, друзей и врагов, включая все его мысли и поступки, с историческими указаниями того, что он совершал и чего не совершал, с объяснением вдобавок, кто унаследовал фамильныя блюда, кто овладел серебряными ложками и кому достался деревянный уполовник. Все в общем прекрасный ключ к дому Чезльуитов |
| 518 1# - ЗАГЛАВИЕ В СТАНДАРТНОМ СОВРЕМЕННОМ ПРАВОПИСАНИИ | |
| Основное заглавие, вариант заглавия или унифицированное заглавие | Жизнь и приключения Мартына Чезльуита, его родственников, друзей и врагов, включая все его мысли и поступки, с историческими указаниями того, что он совершал и чего не совершал, с объяснением вдобавок, кто унаследовал фамильные блюда, кто овладел серебряными ложками и кому достался деревянный половник. Все в общем прекрасный ключ к дому Чезльуитов |
| 702 #1 - ИМЯ ЛИЦА - ВТОРИЧНАЯ ОТВЕТСТВЕННОСТЬ | |
| Код отношения | Переводчик |
| Материалы, к которым относится поле | rus |
| Графика поля | Кириллица |
| Начальный элемент ввода | Ясинский |
| Часть имени, кроме начального элемента ввода | И. И. |
| Даты | 1850-1931 |
| Расширение инициалов личного имени | Иероним Иеронимович |
| Идентификатор авторитетной/нормативной записи | RU\NLR\AUTH\7717199 |
| Системный номер авторитетной/нормативной записи | 289 |
| 852 ## - МЕСТОНАХОЖДЕНИЕ И ШИФР ХРАНЕНИЯ | |
| Идентификатор организации | NLR |
| Шифр хранения (Call Number) | 18.243.6.1(4) |
| 942 ## - ДОПОЛНИТЕЛЬНЫЕ ЭЛЕМЕНТЫ ЗАПИСИ (АБИС) | |
| Тип экземпляра АБИС | Неопределено |
| 980 ## - КОЛЛЕКЦИЯ | |
| Название коллекции | Национальная библиография |
Нет доступных экземпляров.